000 00766nam a2200241Ia 4500
001 dia_3978
003 CHAP
005 20251015154725.0
008 220117s1987 xx 000 0 und d
010 _a174589
040 _cCHAP
_amxchpua
_erda
090 _aFOLLETO 2519
100 _aRodríguez Chaurnet, Dinah
_998398
245 _aLa heterogeneidad estructural en la industria alimentaria en México /
_c Dinah Rodríguez Chaurnet. Coord.
260 _aMéxico :
_b UNAM, Coordinación de la investigación científica,
_c1987
300 _a60 p.
500 _aC/e (Cuadernos, 1)
650 _aAlimentos
_94114
901 _aFOLLETO 2519
902 _aM
905 _a0000001987 mx 0000000000spa00
942 _cFOLL
_2local
999 _c174589
_d174589